000 00595nam a22002057a 4500
003 DO-SdBNP
005 20171130101700.0
008 171120b 1968|| |||| 00| 0 spa d
040 _aBPMSU
_bspa
_cBPMSU
082 _axxxxxxx
_bxxxxxxx
245 1 3 _aLa ciencia de la ciencia /
_cJ. D. Bernal
260 _aMéxico :
_bGrijalbo,
_c1968.
300 _a361p. ;
_c20 cm.
490 1 _aDina
500 _aIncluye referencias bibliográficas y notas al pie de las páginas
830 0 _aDina
942 _2ddc
_cBK
945 _aInventariado extranjero /2017 BT
956 _aBTAVAREZ
_b10
_c20171120
_d0038
999 _c12964
_d12964